| 000 | 01682nam a2200445 c 4500 | ||
|---|---|---|---|
| 001 | 24826 | ||
| 003 | ES-MaCES | ||
| 005 | 20150929135516.0 | ||
| 007 | cr ||||||||||| | ||
| 008 | 130205s2012 sp r 000 | spa d | ||
| 035 | _aCES20130000123m | ||
| 040 |
_aES-MaCES _bspa _cES-MaCES |
||
| 245 | 0 | 4 |
_aLas condiciones de vida de los hogares inmigrantes en España _hRecurso electrónico _b: principales dificultades y comparativa con los hogares españoles _cdirigido por Juan Aitor Lago Moneo ; investigadores, Nieves Pérez Verdú ... [et al.] |
| 260 |
_aBarcelona _aMadrid _bEAE Business School _c2012 |
||
| 300 |
_a1 documento pdf _c(2,45, mb) |
||
| 490 | 1 |
_aLínea perspectivas _v12-2012 |
|
| 504 | _aBibliografía: p. 16 | ||
| 541 | _cGratuito | ||
| 650 | 4 |
_acuadros estadísticos _928890 |
|
| 650 | 4 |
_acomparación _928892 |
|
| 650 | 4 |
_a2009-2011 _931962 |
|
| 650 | 4 |
_ainternacional _926674 |
|
| 650 | 4 |
_aEspaña _926964 |
|
| 650 | 4 |
_adistribución del gasto _930938 |
|
| 650 | 4 |
_aingreso de los hogares _930031 |
|
| 650 | 4 |
_avivienda _928598 |
|
| 650 | 4 |
_acondiciones de vida _927111 |
|
| 650 | 4 |
_aextranjero _928630 |
|
| 650 | 4 |
_ainmigrante _928631 |
|
| 653 | 1 | 0 | _aAsuntos Sociales |
| 650 | 4 |
_926752 _aUE |
|
| 700 | 1 |
_aLago Moneo, Juan Aitor _edir. _916075 |
|
| 700 | 1 |
_aPérez Verdú, Nieves _920860 |
|
| 710 | 2 |
_aEAE Business School _eed. _92621 |
|
| 830 | 0 |
_aLínea perspectivas (EAE Business School. Strategic Research Center) _v12-2012 _934647 |
|
| 856 | 4 |
_uhttp://biblioteca.ces.es/repintra/47-29829.pdf _ytexto completo _z[intranet] |
|
| 902 | _aELE PUB. ELECTRONICA | ||
| 942 |
_2CES _cBK _h3.3. |
||
| 999 |
_c24826 _d24826 |
||